Teória finančnej a kapitálovej štruktúry F. Modiglianiho a M. Millera

M-M model, jeho význam pre kapitálovú štruktúru podniku a využitie v praxi. Predpoklady M-M modelu. Tvrdenie I M-M modelu. Tvrdenie II M-M modelu. Modifikácie M-M modelu.

Gespeichert in:
Bibliographische Detailangaben
1. Verfasser: Hrabovská, Zuzana
Weitere Verfasser: Hečková, Jaroslava
Format: Buchkapitel
Sprache:Slowakisch
Schlagworte:
Tags: Tag hinzufügen
Keine Tags, Fügen Sie das erste Tag hinzu!

MARC

LEADER 00000naa$a2200000$$$4500
001 0050968
005 20240502083134.8
041 0 |a slo 
044 |a UA 
245 1 0 |a Teória finančnej a kapitálovej štruktúry F. Modiglianiho a M. Millera  |c Zuzana Hrabovská, Jaroslava Hečková 
520 |a M-M model, jeho význam pre kapitálovú štruktúru podniku a využitie v praxi. Predpoklady M-M modelu. Tvrdenie I M-M modelu. Tvrdenie II M-M modelu. Modifikácie M-M modelu. 
610 2 0 |a podnik 
610 2 0 |a štruktúra kapitálová 
610 2 0 |a modelovanie 
610 2 0 |a modely 
100 1 |a Hrabovská, Zuzana 
700 1 |a Hečková, Jaroslava